000 00311nam a22001457a 4500
003 SGT
020 _a9781584350286
082 _a306.47,BAU
100 _aBAUDRILLARD, JEAN
245 _aTHE CONSPIRACY OF ART
260 _aUSA
_bSEMIOTEXT
300 _a247
650 _aSocial sciences
942 _2ddc
_cBK
_01
999 _c22044
_d22044